Memorias y recuerdos (Record no. 6762)

MARC details
000 -LEADER
campo de control de longitud fija 00839nam a2200265 i 4500
001 - NÚMERO DE CONTROL
campo de control 6762
003 - IDENTIFICADOR DE NÚMERO DE CONTROL
campo de control ES-MaACL
005 - FECHA Y HORA DE LA ÚLTIMA TRANSACCIÓN
campo de control 20230906145101.0
007 - CAMPO FIJO DE DESCRIPCIÓN FÍSICA--INFORMACIÓN GENERAL
campo de control de longitud fija t|
008 - DATOS DE LONGITUD FIJA--INFORMACIÓN GENERAL
campo de control de longitud fija 900319s1984 sp |||| |aspa d
020 ## - NÚMERO INTERNACIONAL ESTÁNDAR DEL LIBRO
Número Internacional Estándar del Libro 84-320-5831-9
080 ## - NÚMERO DE LA CLASIFICACIÓN DECIMAL UNIVERSAL
Número de la Clasificación Decimal Universal 929 Iniesta Cano, Carlos
100 1# - ENTRADA PRINCIPAL--NOMBRE DE PERSONA
Nombre de persona Iniesta Cano, Carlos.
9 (RLIN) 65316
245 10 - MENCIÓN DEL TÍTULO
Título Memorias y recuerdos
Resto del título : los años que he vivido en el proceso histórico de España /
Mención de responsabilidad, etc. Carlos Iniesta Cano ; prólogo de Emilio Romero.
250 ## - MENCION DE EDICION
Mención de edición 1ª ed.
260 ## - PUBLICACIÓN, DISTRIBUCIÓN, ETC.
Lugar de publicación, distribución, etc. Barcelona :
Nombre del editor, distribuidor, etc. Planeta,
Fecha de publicación, distribución, etc. 1984.
300 ## - DESCRIPCIÓN FÍSICA
Extensión 271 p. :
Otras características físicas il., fot. ;
Dimensiones 24 cm.
490 1# - MENCIÓN DE SERIE
Mención de serie Espejo de España ;
Designación de volumen o secuencia 102
500 ## - NOTA GENERAL
Nota general Índices.
600 14 - PUNTO DE ACCESO ADICIONAL DE MATERIA--NOMBRE DE PERSONA
Nombre de persona Iniesta Cano, Carlos.
9 (RLIN) 65316
700 1# - ENTRADA AGREGADA--NOMBRE PERSONAL
Nombre de persona Romero, Emilio.
9 (RLIN) 99320
830 0# - PUNTO DE ACCESO ADICIONAL DE SERIE-TÍTULO UNIFORME
Título uniforme Espejo de España ;
Designación de volumen o secuencia 102
9 (RLIN) 177692
852 ## - LOCALIZACIÓN
Ubicación ES-MaACL
Número de control de estantería L-13949
Holdings
Estatus retirado Estado de pérdida Estado de daño No para préstamo Biblioteca de origen Biblioteca actual Ubicación en estantería Fecha de adquisición Fuente de adquisición Total de préstamos Signatura topográfica completa Código de barras Visto por última vez Precio de reemplazo Tipo de ítem Koha
        Biblioteca del Ateneo de Madrid Biblioteca del Ateneo de Madrid Depósito 2 17/01/2008     L-13949 1006889 23/02/2023 23/02/2023 Libro impreso